| 000 | 00419nam a2200157Ia 4500 | ||
|---|---|---|---|
| 008 | 210716s2003 xx 000 0 und d | ||
| 020 | _a9788129702053 | ||
| 041 | _aeng | ||
| 082 | _a004.65 QUIB | ||
| 100 | _aQuinn, Bob;Shute, Dave. | ||
| 245 | _aWindows sockets network programming. | ||
| 250 | _a1 | ||
| 260 |
_aNew Delhi _bPearson Education _c2003 |
||
| 300 | _axviii,637 | ||
| 650 | _aMicrosoft Windows(005.269) | ||
| 999 |
_c186703 _d186703 |
||